| 000 | 00621nam a2200205 4500 | ||
|---|---|---|---|
| 001 | 116221 | ||
| 003 | ES-MaACL | ||
| 005 | 20250826150743.0 | ||
| 007 | t| | ||
| 008 | 061121s1975 sp r ||||1| spa d | ||
| 100 | 1 |
_aOsborn, Frederick. _987717 |
|
| 245 | 1 | 3 |
_aEl futuro de la herencia humana / _cFrederick Osborn ; traducción de R. M. Bassols. |
| 260 |
_aEsplugas de Llobregat : _bPlaza y Janés, _c1975. |
||
| 300 |
_a126 p. ; _c19 cm. |
||
| 490 | 1 | _aRotativa | |
| 700 | 0 |
_aBassols, Rosa María _926334 |
|
| 830 | 0 |
_aRotativa _9179597 |
|
| 852 |
_aES-MaACL _jE-8662 _bR.92682 |
||
| 999 |
_c116221 _d116221 |
||